A 'Scending Numbers Logic Puzzle Quiz Stats

 Plays Quiz Updated Jan 5, 2016

Challenge
Share
Tweet
Score 0/25 Timer 20:00
2 Plays Today
Cell Number % Correct
A2





???
100%
A4





???
99.7%
C3





???
99.7%
E2





???
99.7%
E4





???
99.7%
C4





???
46.2%
B4





???
36.4%
A5





???
36.1%
E5





???
33.8%
C5





???
30.1%
A1





???
29.5%
D5





???
27.9%
D4





???
27.7%
Cell Number % Correct
C2





???
26.5%
B2





???
25.1%
C1





???
24.7%
E3





???
24.1%
B1





???
21.5%
B5





???
14.4%
B3





???
13.3%
A3





???
12.5%
E1





???
11.9%
D2





???
8.6%
D3





???
8.5%
D1





???
8%

You're not logged in!

Compare scores with friends on all Sporcle quizzes.
OR
Log In

You Might Also Like...

Show Comments

Extras

Top Quizzes Today


Score Distribution

Your Account Isn't Verified!

In order to create a playlist on Sporcle, you need to verify the email address you used during registration. Go to your Sporcle Settings to finish the process.

Report this User

Report this user for behavior that violates our Community Guidelines.

Details: